[Event "FIDE Online Steinitz Memorial"]
[Site "chess24.com INT"]
[Date "2020.05.15"]
[EventDate "2020.05.15"]
[Round "4.1"]
[Result "1-0"]
[White "Jeffery Xiong"]
[Black "Le Quang Liem"]
[WhiteElo "2709"]
[BlackElo "2709"]
[PlyCount "79"]

1. c4 Nf6 2. Nc3 e5 3. Nf3 Nc6 4. g3 d5 5. cxd5 Nxd5 6. Bg2
Nb6 7. O-O Be7 8. a3 O-O 9. b4 Re8 10. b5 Nd4 11. Nxe5 Bf6
12. f4 Bxe5 13. fxe5 Rxe5 14. e3 Nxb5 15. Ne4 Nd6 16. Qc2 Bf5
17. Rxf5 Nxf5 18. Bb2 Qe7 19. Rf1 c6 20. Bxe5 Qxe5 21. Qb3 Rf8
22. d4 Qe6 23. Qd3 Re8 24. Kh1 Nd6 25. Nxd6 Qxd6 26. e4 Rd8
27. Qb3 Qe6 28. d5 cxd5 29. exd5 Qd6 30. a4 g6 31. a5 Nd7
32. Qxb7 a6 33. Rc1 Ne5 34. Qb6 Kg7 35. Kg1 Qa3 36. Rf1 Re8
37. d6 Nc4 38. Qd4+ Kg8 39. Qxc4 Qe3+ 40. Kh1 1-0

[Event "FIDE Online Steinitz Memorial"]
[Site "chess24.com INT"]
[Date "2020.05.15"]
[EventDate "2020.05.15"]
[Round "1"]
[Result "1-0"]
[White "David Anton Guijarro"]
[Black "Jeffery Xiong"]
[WhiteElo "2703"]
[BlackElo "2709"]
[PlyCount "83"]

1. Nf3 c5 2. c4 Nf6 3. Nc3 Nc6 4. g3 g6 5. Bg2 Bg7 6. d4 cxd4
7. Nxd4 O-O 8. O-O Qa5 9. e3 d6 10. Bxc6 bxc6 11. Nxc6 Qc7
12. Nd5 Nxd5 13. cxd5 Bb7 14. Bd2 Bxb2 15. Rb1 Bxc6 16. dxc6
Rab8 17. Qc2 Ba3 18. Qa4 Bc5 19. Ba5 Bb6 20. Bxb6 axb6
21. Rfc1 Ra8 22. Qd4 Rfb8 23. a4 e5 24. Qc4 Ra5 25. Rb5 Rba8
26. Qb3 R8a6 27. Rxa5 Rxa5 28. h4 Kf8 29. Rc2 Ke7 30. Kg2 Kd8
31. e4 Kc8 32. h5 Kb8 33. h6 Ka7 34. Qf3 f5 35. exf5 gxf5
36. Qxf5 Rc5 37. Rxc5 bxc5 38. Qd7 Kb8 39. a5 c4 40. Kf3 c3
41. Ke2 e4 42. a6 1-0

[Event "FIDE Online Steinitz Memorial"]
[Site "chess24.com INT"]
[Date "2020.05.15"]
[EventDate "2020.05.15"]
[Round "2"]
[Result "1/2-1/2"]
[White "Jeffery Xiong"]
[Black "Peter Svidler"]
[WhiteElo "2709"]
[BlackElo "2723"]
[PlyCount "62"]

1. d4 Nf6 2. c4 g6 3. Nc3 d5 4. cxd5 Nxd5 5. Na4 Bg7 6. e4 Nb6
7. Be3 O-O 8. Nf3 Nxa4 9. Qxa4 c5 10. Rd1 cxd4 11. Nxd4 Bd7
12. Bb5 Bxb5 13. Qxb5 Qb6 14. a4 Nc6 15. Nxc6 bxc6 16. Qxb6
axb6 17. b3 Rfb8 18. Rd7 b5 19. O-O bxa4 20. bxa4 Rxa4
21. Rxe7 Bf8 22. Rc7 Rxe4 23. Rxc6 h5 24. g3 Reb4 25. Rc2 Rb2
26. Rfc1 Rxc2 27. Rxc2 Bg7 28. Kg2 Bf6 29. h4 Rb2 30. Rxb2
Bxb2 31. Kf3 Kg7 1/2-1/2

[Event "FIDE Online Steinitz Memorial"]
[Site "chess24.com INT"]
[Date "2020.05.15"]
[EventDate "2020.05.15"]
[Round "3"]
[Result "0-1"]
[White "Peter Svidler"]
[Black "Le Quang Liem"]
[WhiteElo "2723"]
[BlackElo "2709"]
[PlyCount "72"]

1. Nf3 Nf6 2. g3 b6 3. Bg2 Bb7 4. O-O c5 5. d3 g6 6. e4 Bg7
7. Re1 O-O 8. e5 Ne8 9. Bf4 d6 10. e6 Bxb2 11. Nbd2 Bxa1
12. Qxa1 f6 13. h4 Ng7 14. Bh6 Nc6 15. Ng5 Qc8 16. Bxg7 Kxg7
17. Ndf3 Nd8 18. h5 h6 19. Ne4 g5 20. Bh3 Bd5 21. Nexg5 hxg5
22. Nxg5 Rh8 23. Bg4 Nc6 24. c4 Nb4 25. cxd5 Nc2 26. Qc1 Nxe1
27. Nf7 Nxd3 28. h6+ Kg8 29. Qc2 Ne5 30. Nxe5 Rxh6 31. Nf7 Qf8
32. Bf5 Qg7 33. Qa4 Rf8 34. Qd7 Rh5 35. Be4 f5 36. Bf3 Qa1+
0-1

[Event "FIDE Online Steinitz Memorial"]
[Site "chess24.com INT"]
[Date "2020.05.15"]
[EventDate "2020.05.15"]
[Round "4.2"]
[Result "1-0"]
[White "Shakhriyar Mamedyarov"]
[Black "Peter Svidler"]
[WhiteElo "2764"]
[BlackElo "2723"]
[PlyCount "71"]

1. d4 Nf6 2. c4 g6 3. Nf3 Bg7 4. e3 O-O 5. Be2 c5 6. dxc5 Na6
7. O-O Nxc5 8. b4 Nce4 9. Bb2 a5 10. a3 axb4 11. axb4 Rxa1
12. Bxa1 d5 13. c5 Bg4 14. Nbd2 e6 15. h3 Bxf3 16. Bxf3 Qa8
17. Bxe4 dxe4 18. Bxf6 Bxf6 19. Nxe4 Be5 20. Qc2 Rd8 21. f4
Bg7 22. Rd1 Rxd1+ 23. Qxd1 Qa3 24. Qd8+ Bf8 25. Nf6+ Kg7
26. Qd4 Kh8 27. Kh2 h6 28. Qd8 Kg7 29. Qd4 Kh8 30. h4 Qc1
31. Nd7+ Bg7 32. Ne5 Kh7 33. Qe4 Qe1 34. Nf3 Qf2 35. b5 f5
36. Qxe6 1-0

[Event "FIDE Online Steinitz Memorial"]
[Site "chess24.com INT"]
[Date "2020.05.15"]
[EventDate "2020.05.15"]
[Round "5.4"]
[Result "1-0"]
[White "Peter Svidler"]
[Black "Anton Korobov"]
[WhiteElo "2723"]
[BlackElo "2688"]
[PlyCount "85"]

1. Nf3 d5 2. g3 g6 3. Bg2 Bg7 4. O-O Nf6 5. b3 Ne4 6. c3 c5
7. Qc2 O-O 8. d3 Nf6 9. e4 Nc6 10. e5 Nd7 11. d4 cxd4 12. cxd4
Nb6 13. Be3 Bf5 14. Qd2 Rc8 15. Nc3 Nb4 16. Nh4 Bd3 17. Rfc1
Ba6 18. Ne2 Nd3 19. Rxc8 Qxc8 20. Nc1 Nxc1 21. Rxc1 Qd7
22. Bh6 Rc8 23. Nf3 Rxc1+ 24. Qxc1 Bd3 25. Bxg7 Kxg7 26. Ng5
f6 27. exf6+ exf6 28. Nh3 g5 29. f4 h6 30. Nf2 Bf5 31. h3 Qe7
32. g4 Bg6 33. f5 Bf7 34. Bf3 Qd6 35. Kg2 a6 36. Qc5 Qxc5
37. dxc5 Nd7 38. b4 a5 39. c6 bxc6 40. bxa5 Nb8 41. Be2 c5
42. Bb5 Nc6 43. Bxc6 1-0

[Event "FIDE Online Steinitz Memorial"]
[Site "chess24.com INT"]
[Date "2020.05.15"]
[EventDate "2020.05.15"]
[Round "5.5"]
[Result "0-1"]
[White "Le Quang Liem"]
[Black "Shakhriyar Mamedyarov"]
[WhiteElo "2709"]
[BlackElo "2764"]
[PlyCount "74"]

1. c4 e5 2. Nc3 Nf6 3. Nf3 Nc6 4. e3 Bb4 5. Qc2 Bxc3 6. bxc3
d6 7. d3 O-O 8. Be2 h6 9. O-O a6 10. Rb1 Rb8 11. a4 a5 12. e4
b6 13. Ne1 Nh7 14. f4 exf4 15. Bxf4 f5 16. exf5 Bxf5 17. Qd2
Ne5 18. Nc2 Qh4 19. Ne3 Be6 20. Bg3 Qg5 21. d4 Ng4 22. Bxg4
Bxg4 23. h4 Qh5 24. Nd5 Rxf1+ 25. Rxf1 Be6 26. Nxc7 Bxc4
27. Re1 Rd8 28. Qb2 Qg4 29. Re3 Nf6 30. Qxb6 Qd1+ 31. Re1 Qd3
32. Nd5 Rf8 33. Ne7+ Kh7 34. Qxd6 Qxc3 35. Qe5 Qd3 36. h5 Ng4
37. Qd6 Rf1+ 0-1

[Event "FIDE Online Steinitz Memorial"]
[Site "chess24.com INT"]
[Date "2020.05.15"]
[EventDate "2020.05.15"]
[Round "6.1"]
[Result "0-1"]
[White "Jeffery Xiong"]
[Black "Shakhriyar Mamedyarov"]
[WhiteElo "2709"]
[BlackElo "2764"]
[PlyCount "50"]

1. e4 e5 2. Nf3 Nc6 3. d4 exd4 4. Nxd4 Qf6 5. Be3 Bc5 6. c3
Nge7 7. Bb5 O-O 8. Nxc6 dxc6 9. Bxc5 cxb5 10. O-O b6 11. Be3
Bb7 12. Nd2 c5 13. a4 bxa4 14. Qxa4 Rfd8 15. Rfd1 h6 16. Nf1
Qc6 17. Qxc6 Nxc6 18. Ng3 Na5 19. b4 cxb4 20. cxb4 Nc4 21. Bd4
a5 22. Rac1 b5 23. bxa5 Rxa5 24. Nf5 Bxe4 25. Nxg7 Bc2 0-1

[Event "FIDE Online Steinitz Memorial"]
[Site "chess24.com INT"]
[Date "2020.05.15"]
[EventDate "2020.05.15"]
[Round "6.2"]
[Result "0-1"]
[White "Anton Korobov"]
[Black "Le Quang Liem"]
[WhiteElo "2688"]
[BlackElo "2709"]
[PlyCount "66"]

1. d4 Nf6 2. c4 e6 3. Nf3 b6 4. g3 Bb7 5. Bg2 Be7 6. Nc3 O-O
7. Qc2 c5 8. d5 exd5 9. Ng5 h6 10. h4 Na6 11. cxd5 Nb4 12. Qd1
d6 13. a3 Na6 14. Qc2 Nc7 15. Bf4 b5 16. Rd1 b4 17. Nce4 Nce8
18. Nxf6+ Nxf6 19. Ne4 Rc8 20. Nxf6+ Bxf6 21. g4 Bxh4 22. Bxd6
Bxf2+ 23. Kxf2 Qxd6 24. Bf3 Qf6 25. Rh5 Rfd8 26. Rg1 Rxd5
27. g5 Rxg5 28. Rgxg5 hxg5 29. Qh7+ Kf8 30. Rh1 Rd8 31. Qh8+
Ke7 32. Qh2 Qd4+ 33. Kf1 Bxf3 0-1

[Event "FIDE Online Steinitz Memorial"]
[Site "chess24.com INT"]
[Date "2020.05.15"]
[EventDate "2020.05.15"]
[Round "6.3"]
[Result "0-1"]
[White "David Anton Guijarro"]
[Black "Peter Svidler"]
[WhiteElo "2703"]
[BlackElo "2723"]
[PlyCount "120"]

1. Nf3 g6 2. e4 Nf6 3. Nc3 d6 4. d4 Bg7 5. Be2 O-O 6. O-O Nbd7
7. e5 Ne8 8. Bf4 c6 9. Re1 dxe5 10. dxe5 Nc7 11. Bg3 Ne6
12. a4 Qa5 13. Bc4 Nb6 14. Ba2 Rd8 15. Qe2 Nd5 16. Nxd5 cxd5
17. Red1 b6 18. c3 Qc5 19. Nd4 Nxd4 20. Rxd4 Be6 21. Rad1 h5
22. Qb5 a6 23. Qe2 b5 24. a5 Qc7 25. Bxd5 Rxd5 26. Rxd5 Bxd5
27. Rxd5 e6 28. Rd1 Qxa5 29. Bh4 Qa4 30. g3 Bxe5 31. Rd7 Bg7
32. Rxf7 Kxf7 33. Qf3+ Kg8 34. Qxa8+ Kh7 35. Kg2 Qa2 36. Qb7
Qd5+ 37. Qxd5 exd5 38. Kf3 d4 39. cxd4 Bxd4 40. b3 a5 41. Be7
Bb2 42. Ke2 a4 43. bxa4 bxa4 44. Kd3 Kg8 45. Kc4 Kf7 46. Bc5
Ke6 47. Kb4 Kd5 48. Be7 a3 49. Kb3 Ke4 50. f4 Kf3 51. Bd6 Kg2
52. h4 Kf3 53. Be5 Bc1 54. Bc7 Be3 55. Kxa3 Bf2 56. Kb3 Bxg3
57. Kc4 Bxh4 58. Kd5 Bg3 59. Ke6 h4 60. Kf6 h3 0-1

[Event "FIDE Online Steinitz Memorial"]
[Site "chess24.com INT"]
[Date "2020.05.16"]
[EventDate "2020.05.15"]
[Round "7"]
[Result "1/2-1/2"]
[White "Le Quang Liem"]
[Black "David Anton Guijarro"]
[WhiteElo "2709"]
[BlackElo "2703"]
[PlyCount "116"]

1. d4 f5 2. c4 Nf6 3. g3 g6 4. Bg2 Bg7 5. Nc3 O-O 6. Nf3 d6
7. O-O c6 8. Qb3 Na6 9. Rd1 Kh8 10. d5 Nc5 11. Qa3 Bd7 12. Be3
Nfe4 13. Bd4 Bxd4 14. Nxd4 cxd5 15. cxd5 Nf6 16. b4 Nce4
17. Nxe4 fxe4 18. Qb2 Kg8 19. Rac1 Qb6 20. e3 a5 21. b5 Rac8
22. Qb1 Bf5 23. h3 h5 24. a4 Kh7 25. Ne2 Kg7 26. Qa1 Rc5
27. Rxc5 Qxc5 28. Nf4 Rc8 29. Bxe4 Qc3 30. Bxf5 gxf5 31. Qb1
Qc2 32. Ne6+ Kf7 33. Qxc2 Rxc2 34. Nd4 Ra2 35. Nxf5 Rxa4
36. Kg2 Rb4 37. g4 hxg4 38. hxg4 Rxg4+ 39. Kf3 Rb4 40. Rc1
Nxd5 41. e4 Nf6 42. Rc7 Ng8 43. Rxb7 Kf6 44. b6 a4 45. Rb8 e6
46. Rf8+ Ke5 47. Ne3 Nf6 48. Ra8 d5 49. exd5 Nxd5 50. b7 Rxb7
51. Rxa4 Rf7+ 52. Kg2 Nxe3+ 53. fxe3 Kd5 54. Rd4+ Ke5 55. Rb4
Rf8 56. Ra4 Kd5 57. Rd4+ Ke5 58. Rb4 Kd5 1/2-1/2

[Event "FIDE Online Steinitz Memorial"]
[Site "chess24.com INT"]
[Date "2020.05.16"]
[EventDate "2020.05.15"]
[Round "7"]
[Result "1/2-1/2"]
[White "Shakhriyar Mamedyarov"]
[Black "Anton Korobov"]
[WhiteElo "2764"]
[BlackElo "2688"]
[PlyCount "120"]

1. d4 Nf6 2. c4 g6 3. Nf3 Bg7 4. Nc3 d6 5. Bg5 h6 6. Bd2 O-O
7. Qc1 Kh7 8. h4 Nc6 9. d5 Ne5 10. Nxe5 dxe5 11. Qc2 h5
12. O-O-O c6 13. e4 cxd5 14. exd5 b5 15. cxb5 Bf5 16. Bd3 e4
17. Nxe4 Bxe4 18. Bxe4 Rc8 19. Bc3 Nxe4 20. Qxe4 Bxc3 21. bxc3
Qa5 22. Rh3 Qxa2 23. Qc2 Qa5 24. c4 Qa1+ 25. Kd2 Qd4+ 26. Ke1
Qxc4 27. Qxc4 Rxc4 28. Ra3 Rc7 29. Rda1 Rd8 30. Rxa7 Rxa7
31. Rxa7 Rxd5 32. Rxe7 Rxb5 33. Rxf7+ Kh6 34. Rc7 Rb1+ 35. Ke2
Rb2+ 36. Ke3 Rb3+ 37. Kd2 Rb2+ 38. Rc2 Rb4 39. g3 Kg7 40. Kd3
Kf6 41. Rc4 Rb2 42. Ke3 Rb3+ 43. Kf4 Rb6 44. Rc5 Ra6 45. Rd5
Ra4+ 46. Ke3 Ra3+ 47. Ke4 Ra4+ 48. Rd4 Ra6 49. Rc4 Rb6 50. Kd5
Rb2 51. Rf4+ Kg7 52. Ke4 Rb4+ 53. Kf3 Rb3+ 54. Kg2 Ra3 55. Rf3
Ra2 56. Rc3 Ra6 57. Rc7+ Kf6 58. Rc3 Kg7 59. Rc7+ Kf6 60. Rc3
Kg7 1/2-1/2

[Event "FIDE Online Steinitz Memorial"]
[Site "chess24.com INT"]
[Date "2020.05.16"]
[EventDate "2020.05.15"]
[Round "8"]
[Result "1-0"]
[White "Anton Korobov"]
[Black "David Anton Guijarro"]
[WhiteElo "2688"]
[BlackElo "2703"]
[PlyCount "119"]

1. d4 d5 2. c4 dxc4 3. e4 Nf6 4. e5 Nd5 5. Bxc4 Bf5 6. Ne2 e6
7. Nbc3 Nb6 8. Bb3 Nc6 9. O-O Qd7 10. Be3 O-O-O 11. Qc1 Kb8
12. Rd1 Qe8 13. a4 Bb4 14. Bc2 Bxc2 15. Qxc2 f6 16. exf6 gxf6
17. Ne4 Nd5 18. Rac1 Rg8 19. Nf4 Nxf4 20. Bxf4 Qg6 21. g3 Qf5
22. Be3 h5 23. Nc5 Qxc2 24. Rxc2 Bxc5 25. Rxc5 e5 26. d5 Ne7
27. a5 Rd7 28. f4 e4 29. Bd4 Rxd5 30. Rxd5 Nxd5 31. Bxa7+ Kxa7
32. Rxd5 h4 33. Kf2 Ka6 34. Rf5 Rd8 35. gxh4 Rd2+ 36. Kg3 e3
37. Rxf6+ Kxa5 38. Re6 Rxb2 39. h5 Rb5 40. Re5 c5 41. h6 Rb6
42. Rxc5+ Kb4 43. Rh5 Kc3 44. Kf3 Re6 45. Ke2 Re8 46. h7 Rh8
47. Kxe3 b5 48. Rxb5 Rxh7 49. f5 Rxh2 50. Ke4 Kc4 51. Ra5 Re2+
52. Kf4 Rf2+ 53. Kg5 Rg2+ 54. Kf6 Re2 55. Kf7 Kb4 56. Ra6 Kc5
57. f6 Kd5 58. Kf8 Rf2 59. f7 Rf1 60. Rg6 1-0

[Event "FIDE Online Steinitz Memorial"]
[Site "chess24.com INT"]
[Date "2020.05.16"]
[EventDate "2020.05.15"]
[Round "9"]
[Result "1-0"]
[White "Jeffery Xiong"]
[Black "Anton Korobov"]
[WhiteElo "2709"]
[BlackElo "2688"]
[PlyCount "51"]

1. d4 d5 2. c4 c6 3. Nf3 Nf6 4. cxd5 cxd5 5. Nc3 Nc6 6. Bf4 a6
7. Rc1 Bf5 8. e3 e6 9. Qb3 Ra7 10. Be2 Bd6 11. Bxd6 Qxd6
12. Na4 O-O 13. O-O Rb8 14. Nc5 Qd8 15. Qa3 h6 16. Nxb7 Raxb7
17. Rxc6 Rxb2 18. Bxa6 Ne4 19. Rfc1 Kh7 20. Rc8 Qb6 21. Rxb8
Qxb8 22. Rf1 Rc2 23. Bd3 Rc3 24. Qa6 Nc5 25. Bxf5+ exf5
26. dxc5 1-0

[Event "FIDE Online Steinitz Memorial"]
[Site "chess24.com INT"]
[Date "2020.05.16"]
[EventDate "2020.05.15"]
[Round "9"]
[Result "0-1"]
[White "David Anton Guijarro"]
[Black "Shakhriyar Mamedyarov"]
[WhiteElo "2703"]
[BlackElo "2764"]
[PlyCount "100"]

1. Nf3 d5 2. b3 Nf6 3. Bb2 e6 4. c4 Be7 5. g3 O-O 6. Bg2 Nc6
7. O-O d4 8. e3 e5 9. exd4 exd4 10. d3 Bf5 11. Re1 Re8 12. Na3
Qd7 13. Nc2 Bc5 14. Qd2 a5 15. a3 Qd6 16. Nh4 Bd7 17. Rab1 h6
18. Bc1 Rxe1+ 19. Qxe1 Qe5 20. Qf1 Qe7 21. Nf3 Bf5 22. b4 axb4
23. axb4 Ra2 24. Rb2 Rxb2 25. Bxb2 Nxb4 26. Nxb4 Bxb4 27. Nxd4
Bg6 28. Qd1 c6 29. Nf3 Nd7 30. d4 Ba3 31. Bxa3 Qxa3 32. d5 Qd6
33. Nd4 cxd5 34. cxd5 Nf6 35. Ne2 Bh5 36. Qd2 Bxe2 37. Qxe2
Kf8 38. Qb5 b6 39. Bf3 Ke7 40. Kg2 g5 41. Qe2+ Kf8 42. h3 h5
43. g4 hxg4 44. hxg4 Nxd5 45. Bxd5 Qxd5+ 46. f3 b5 47. Qb2 Ke7
48. Qb4+ Ke6 49. Qf8 Qd2+ 50. Kg3 Qd6+ 0-1

[Event "FIDE Online Steinitz Memorial"]
[Site "chess24.com INT"]
[Date "2020.05.16"]
[EventDate "2020.05.15"]
[Round "10"]
[Result "1/2-1/2"]
[White "Jeffery Xiong"]
[Black "David Anton Guijarro"]
[WhiteElo "2709"]
[BlackElo "2703"]
[PlyCount "87"]

1. Nf3 d5 2. d4 Nf6 3. c4 dxc4 4. e3 e6 5. Bxc4 a6 6. O-O c5
7. dxc5 Bxc5 8. Qxd8+ Kxd8 9. Be2 Ke7 10. Rd1 Rd8 11. Rxd8
Kxd8 12. Ne5 Ke8 13. b3 Nbd7 14. Nd3 Bf8 15. Nd2 b6 16. Bf3
Ra7 17. Bb2 Rc7 18. Kf1 Bb7 19. Bxb7 Rxb7 20. Rc1 Kd8 21. Nc4
Rc7 22. Nde5 Nxe5 23. Bxe5 Rc6 24. Rd1+ Nd7 25. Bb2 f6 26. Ke2
b5 27. Na3 Kc7 28. Rc1 Rxc1 29. Bxc1 Kc6 30. Nc2 Bc5 31. Bd2
Kd6 32. e4 e5 33. Nb4 Bxb4 34. Bxb4+ Ke6 35. g4 g6 36. f3 Nb8
37. Kd3 Nc6 38. Bc5 Kd7 39. Kc3 Ke6 40. a4 Kd7 41. Be3 Ke6
42. Bc5 Kd7 43. Kd3 Ke6 44. Kc3 1/2-1/2

[Event "FIDE Online Steinitz Memorial"]
[Site "chess24.com INT"]
[Date "2020.05.16"]
[EventDate "2020.05.15"]
[Round "11"]
[Result "1-0"]
[White "Peter Svidler"]
[Black "Jeffery Xiong"]
[WhiteElo "2723"]
[BlackElo "2709"]
[PlyCount "99"]

1. Nf3 Nf6 2. c4 c5 3. g3 b6 4. Bg2 Bb7 5. O-O g6 6. d4 cxd4
7. Qxd4 Bg7 8. Nc3 d6 9. Be3 Nbd7 10. Rac1 Rc8 11. b3 a6
12. Nd5 O-O 13. Nxf6+ Bxf6 14. Qd2 Rc7 15. Bh6 Re8 16. Rfd1
Qa8 17. Ne1 Rec8 18. Bxb7 Qxb7 19. Ng2 b5 20. Ne3 Nb6 21. cxb5
axb5 22. Rxc7 Rxc7 23. Ng4 Bc3 24. Qd3 b4 25. h4 Rc5 26. Kh2
Nd7 27. Be3 Rc8 28. Bd4 h5 29. Ne3 Nc5 30. Bxc5 Rxc5 31. Nd5
Be5 32. Qe4 Rb5 33. Qc4 e6 34. Ne3 Rc5 35. Qd3 d5 36. Ng2 Rc3
37. Qd2 Qc7 38. e3 Qc5 39. Ne1 Qa5 40. Kg2 Kg7 41. Nf3 Bf6
42. Ne1 Qc7 43. Qe2 Qc6 44. Nd3 Qa6 45. e4 dxe4 46. Qxe4 Qxa2
47. Nf4 Qc2 48. Nxe6+ Kg8 49. Qa8+ Kh7 50. Rd7 1-0

[Event "FIDE Online Steinitz Memorial"]
[Site "chess24.com INT"]
[Date "2020.05.16"]
[EventDate "2020.05.15"]
[Round "12"]
[Result "1-0"]
[White "Le Quang Liem"]
[Black "Peter Svidler"]
[WhiteElo "2709"]
[BlackElo "2723"]
[PlyCount "121"]

1. Nf3 Nf6 2. c4 g6 3. Nc3 d5 4. cxd5 Nxd5 5. e4 Nxc3 6. dxc3
Qxd1+ 7. Kxd1 Nd7 8. Bf4 c6 9. Kc2 f6 10. e5 g5 11. Bg3 g4
12. Nh4 Nxe5 13. Bxe5 fxe5 14. h3 Bg7 15. hxg4 Bxg4 16. Bd3
Bf6 17. Nf5 Rd8 18. Ne3 Be6 19. Bxh7 Kf7 20. Bf5 Bg5 21. Bxe6+
Kxe6 22. Rae1 e4 23. Rxh8 Rxh8 24. Nf1 Ke5 25. f3 Rh1
26. Rxe4+ Kf6 27. Ne3 Rg1 28. Ng4+ Kf5 29. Re2 b5 30. Kb3 a5
31. a4 Bf4 32. Rxe7 Rxg2 33. axb5 cxb5 34. Rb7 b4 35. cxb4
axb4 36. Rb5+ Ke6 37. Rxb4 Bd6 38. Re4+ Kd7 39. Kc3 Kc6 40. b3
Rg3 41. Re3 Bc5 42. Rd3 Rg1 43. Ne5+ Kb5 44. Rd5 Kb6 45. Nd7+
Kc6 46. Rxc5+ Kxd7 47. f4 Kd6 48. b4 Rc1+ 49. Kd4 Rd1+ 50. Kc4
Rf1 51. f5 Rf4+ 52. Kb5 Rh4 53. Ka5 Rf4 54. Kb5 Rh4 55. f6 Rf4
56. Rc6+ Kd5 57. Ra6 Rf1 58. Ka5 Ra1+ 59. Kb6 Rf1 60. Kc7 Kc4
61. Kd7 1-0

[Event "FIDE Online Steinitz Memorial"]
[Site "chess24.com INT"]
[Date "2020.05.17"]
[EventDate "2020.05.15"]
[Round "13"]
[Result "1-0"]
[White "Le Quang Liem"]
[Black "Jeffery Xiong"]
[WhiteElo "2709"]
[BlackElo "2709"]
[PlyCount "69"]

1. Nf3 d5 2. d4 Nf6 3. Bf4 c5 4. e3 Nc6 5. Nbd2 Bg4 6. c3 e6
7. h3 Bxf3 8. Nxf3 Bd6 9. dxc5 Bxc5 10. Bb5 O-O 11. O-O Ne7
12. Rc1 Ng6 13. Bh2 Bd6 14. Bxd6 Qxd6 15. Be2 Rfd8 16. c4 Qb6
17. Qc2 Rac8 18. Qb1 Ne7 19. Rfd1 Nf5 20. Bd3 dxc4 21. Bxf5
exf5 22. Rxd8+ Rxd8 23. Rxc4 g6 24. Qc2 Ne4 25. Nd4 Nd6
26. Rc5 Qb4 27. g3 Ne4 28. Rc7 Qe1+ 29. Kg2 Nd2 30. Qc1 Qxc1
31. Rxc1 Rd7 32. f3 b5 33. b3 g5 34. Nxf5 f6 35. Nd4 1-0

[Event "FIDE Online Steinitz Memorial"]
[Site "chess24.com INT"]
[Date "2020.05.17"]
[EventDate "2020.05.15"]
[Round "13"]
[Result "1-0"]
[White "Peter Svidler"]
[Black "Shakhriyar Mamedyarov"]
[WhiteElo "2723"]
[BlackElo "2764"]
[PlyCount "83"]

1. Nf3 d5 2. g3 Nf6 3. Bg2 g6 4. b3 Bg7 5. Bb2 c5 6. O-O O-O
7. c4 dxc4 8. bxc4 Nc6 9. Ne5 Nxe5 10. Bxe5 Ne8 11. Bxg7 Kxg7
12. Nc3 Rb8 13. Qa4 a6 14. Rfd1 b5 15. cxb5 axb5 16. Qf4 Qc7
17. Qe3 Nf6 18. a4 Ng4 19. Qe4 Nf6 20. Qc2 b4 21. Nb5 Qe5
22. d4 cxd4 23. Nxd4 Bd7 24. a5 Rfc8 25. Qb2 Rc7 26. a6 Ra7
27. Bb7 Bc8 28. Bxc8 Rxc8 29. Qxb4 Qe4 30. Qb6 Rd7 31. a7 Ra8
32. Nb5 Rxd1+ 33. Rxd1 Qxe2 34. Rb1 Qa2 35. Re1 e5 36. h3 Qd2
37. Rxe5 Qd1+ 38. Kg2 Qa1 39. Re2 Qa4 40. Qc6 Rf8 41. Re3 Qb4
42. Ra3 1-0

[Event "FIDE Online Steinitz Memorial"]
[Site "chess24.com INT"]
[Date "2020.05.17"]
[EventDate "2020.05.15"]
[Round "14"]
[Result "1-0"]
[White "Anton Korobov"]
[Black "Peter Svidler"]
[WhiteElo "2688"]
[BlackElo "2723"]
[PlyCount "201"]

1. d4 Nf6 2. c4 g6 3. g3 Bg7 4. Bg2 O-O 5. Nc3 Nc6 6. h3 e5
7. d5 Nd4 8. e3 Nf5 9. Nge2 d6 10. e4 Nd4 11. Be3 Nxe2
12. Qxe2 Nd7 13. O-O f5 14. exf5 gxf5 15. f4 a6 16. Rad1 Qe7
17. Qd2 Kh8 18. b3 exf4 19. Bxf4 Ne5 20. Rfe1 Bd7 21. c5 Qf7
22. c6 bxc6 23. dxc6 Nxc6 24. Nd5 Rac8 25. Rc1 Ne5 26. Nxc7
Bc6 27. Bxc6 Qxc7 28. Bg2 Qb6+ 29. Kh2 a5 30. Red1 Rxc1
31. Rxc1 Ng6 32. Bxd6 Rd8 33. Rc6 Qb5 34. Qc2 Be5 35. Rc8 Rxc8
36. Qxc8+ Kg7 37. Qc7+ Kf6 38. Bxe5+ Nxe5 39. Qd6+ Kg7 40. a4
Qe2 41. Qe7+ Kg6 42. Qe6+ Kg7 43. Qxf5 Qe3 44. h4 Qe2 45. Qg5+
Kf7 46. Qf5+ Ke7 47. Kh3 h5 48. Qe4 Qb2 49. Bf3 Kf6 50. Qf4+
Ke6 51. Bxh5 Qxb3 52. Bg4+ Kd5 53. Bf5 Qd1 54. Qe4+ Kd6
55. Qg2 Nf3 56. Be4 Ng5+ 57. Kh2 Ne6 58. Bf5 Qxa4 59. Bxe6
Kxe6 60. Qe2+ Kf6 61. Qa6+ Kg7 62. Qb7+ Kg6 63. Qb6+ Kg7
64. Qc7+ Kg6 65. Qd6+ Kg7 66. Qe5+ Kg6 67. h5+ Kh6 68. Kh3 Qd1
69. Qh8+ Kg5 70. Qg7+ Kf5 71. g4+ Ke4 72. Qe7+ Kf3 73. Qf6+
Ke3 74. Qe5+ Kf2 75. Qf4+ Ke1 76. Qe3+ Kf1 77. h6 Qd7 78. Qf4+
Ke2 79. Qe4+ Kf2 80. h7 Qg7 81. Qf5+ Kg1 82. Qc5+ Kf1 83. Qf5+
Kg1 84. g5 Qc3+ 85. Kg4 Qd4+ 86. Kh5 Qd1+ 87. Kh6 Qd6+ 88. Qf6
Qh2+ 89. Kg7 Qc7+ 90. Kg6 Qc2+ 91. Qf5 Qc6+ 92. Kh5 Qh1+
93. Kg6 Qc6+ 94. Qf6 Qc2+ 95. Kg7 Qc7+ 96. Qf7 Qc3+ 97. Kg8
Qc8+ 98. Kg7 Qc3+ 99. Kh6 Qh3+ 100. Qh5 Qe6+ 101. g6 1-0

[Event "FIDE Online Steinitz Memorial"]
[Site "chess24.com INT"]
[Date "2020.05.17"]
[EventDate "2020.05.15"]
[Round "14"]
[Result "1-0"]
[White "Shakhriyar Mamedyarov"]
[Black "Le Quang Liem"]
[WhiteElo "2764"]
[BlackElo "2709"]
[PlyCount "79"]

1. d4 Nf6 2. c4 e6 3. Nc3 Bb4 4. Qc2 d5 5. a3 Bxc3+ 6. Qxc3
O-O 7. Bg5 h6 8. Bxf6 Qxf6 9. Nf3 c6 10. h4 Nd7 11. g4 Qe7
12. g5 h5 13. e3 g6 14. Be2 dxc4 15. Bxc4 b6 16. Bd3 Bb7
17. Be4 Rac8 18. Qc2 Kg7 19. Rc1 Ba8 20. O-O Rc7 21. Rfd1 c5
22. Bxa8 Rxa8 23. Qe4 Re8 24. Ne5 Nxe5 25. dxe5 Rd8 26. Qf4
Kf8 27. Rd6 Ke8 28. Rcd1 Rdd7 29. Qa4 Kd8 30. Qb5 Kc8 31. Rxd7
Rxd7 32. Qc6+ Kd8 33. Qa8+ Kc7 34. Qxa7+ Kc6 35. Qa4+ Kc7
36. Qa7+ Kc6 37. Rd6+ Qxd6 38. Qa8+ Kb5 39. exd6 Rxd6 40. Qe8+
1-0

[Event "FIDE Online Steinitz Memorial"]
[Site "chess24.com INT"]
[Date "2020.05.17"]
[EventDate "2020.05.15"]
[Round "15"]
[Result "1/2-1/2"]
[White "Shakhriyar Mamedyarov"]
[Black "Jeffery Xiong"]
[WhiteElo "2764"]
[BlackElo "2709"]
[PlyCount "158"]

1. d4 Nf6 2. c4 e6 3. Nc3 Bb4 4. Qc2 O-O 5. a3 Bxc3+ 6. Qxc3
d6 7. f3 c5 8. dxc5 dxc5 9. Bf4 Nc6 10. Rd1 Qb6 11. e3 Re8
12. Bg5 Nd7 13. Bd3 Nde5 14. Be2 Ng6 15. h4 h6 16. h5 Nf8
17. Bh4 e5 18. Nh3 Bf5 19. Nf2 Bh7 20. O-O Ne7 21. Bxe7 Rxe7
22. Rd5 Nd7 23. Bd3 Bxd3 24. Nxd3 e4 25. fxe4 Nf6 26. e5 Nxh5
27. Rf3 Rae8 28. Nxc5 Qg6 29. Kf2 f6 30. e6 f5 31. Qe5 Nf6
32. Qxf5 Qxf5 33. Rfxf5 b6 34. Nd7 Ne4+ 35. Ke1 Rxe6 36. Rde5
Nd6 37. Rxe6 Rxe6 38. Re5 Kf7 39. b3 Ke7 40. Rxe6+ Kxe6
41. Nb8 Nf5 42. Ke2 Kd6 43. Na6 g5 44. Nb4 g4 45. Nc2 Ng3+
46. Kd3 h5 47. Nd4 h4 48. Ne2 Nh1 49. Nf4 Nf2+ 50. Ke2 Ne4
51. b4 a5 52. Kd3 Nf2+ 53. Ke2 Ne4 54. Kd3 Nf2+ 55. Kd4 h3
56. c5+ Kc6 57. gxh3 axb4 58. axb4 gxh3 59. Ne2 h2 60. Ng3 b5
61. e4 h1=Q 62. Nxh1 Nxh1 63. e5 Ng3 64. e6 Nh5 65. Ke5 Kc7
66. Kf5 Kd8 67. Kg6 Nf4+ 68. Kf7 Nd5 69. c6 Kc7 70. e7 Nxe7
71. Kxe7 Kxc6 72. Ke6 Kc7 73. Kd5 Kd7 74. Kc5 Kc7 75. Kxb5 Kb7
76. Kc5 Kc7 77. b5 Kb7 78. b6 Kb8 79. b7 Kxb7 1/2-1/2